000 00218 a2200085 4500
100 _aGeorge Gabriel Stokes
_925468
245 _aMathematical and Physical Papers
260 _bCambridge University Press
_c2009
942 _cTRB
999 _c14796
_d14796